000 00237nam a2200109Ia 4500
008 220204s9999 xx 000 0 und d
082 _a82-3
_bSEA;1
100 _aHank
245 0 _aJaws 2
260 _aToronto
_bBantam
_c1978
942 _cBK
999 _c31459
_d31459